000 00584nam a22001937a 4500
003 OSt
005 20180116182956.0
008 140521b xxu||||| |||| 00| 0 eng d
020 _a978-9698535-14-8
040 _a0
_b0
_c0
082 _a297.09 SID 2013
100 _aProf. Dr Mohammad Yousaf Siddeque
245 _aBengal May Arabi Wa Farsi kutbatath
_cProf. Dr Mohammad Yousaf Siddeque
260 _aIslamabad
_bNUST Publication
_c2013
300 _a651p.
_bHB
440 _aBengal May Arabi Wa Farsi kutbatath
600 _aProf. Dr Mohammad Yousaf Siddeque
942 _2ddc
_cBK
999 _c349676
_d349676